C how to program

Đã lưu trong:
书目详细资料
主要作者: Deitel, H M
格式: 图书
语言:Undetermined
出版: Upper Saddle River, New Jersey Prentice-Hall 2001
主题:
标签: 添加标签
没有标签, 成为第一个标记此记录!
Thư viện lưu trữ: Trung tâm Học liệu Trường Đại học Cần Thơ
LEADER 00516nam a2200169Ia 4500
001 CTU_50474
008 210402s9999 xx 000 0 und d
082 |a 005.133 
082 |b D325/Vol.2 
100 |a Deitel, H M 
245 0 |a C how to program 
245 0 |c H M Deitel, P J Deitel 
260 |a Upper Saddle River, New Jersey 
260 |b Prentice-Hall 
260 |c 2001 
650 |a C ( computer program language ),Java ( computer program language ) 
980 |a Trung tâm Học liệu Trường Đại học Cần Thơ